000 00759cam a22002413a 4500
001 5763
003 PGUSA
005 20140828083124.0
008 040501s2004||||xxu|||||s|||||000 | eng d
040 _aPGUSA
_beng
042 _adc
050 4 _aT
100 1 _aYoung, Daniel
245 1 0 _aYoung's Demonstrative Translation of Scientific Secrets :
_bOr, A Collection of Above 500 Useful Receipts on a Variety of Subjects
_h[electronic resource] /
_cDaniel Young
260 _bProject Gutenberg,
_c2004
506 _aPublic domain in the USA.
516 _aElectronic text
653 _aFormulas, recipes, etc.
653 _aScience -- Methodology
830 0 _aProject Gutenberg
_v5763
856 4 0 _uhttp://www.gutenberg.org/ebooks/5763
942 _cEB
999 _c235091
_d235091